000 00440nam a2200157 a 4500
001 000016492
005 20220328111526.0
008 100305s1980 dr 000 0 spa d
040 _aDO-SdBNP
_bspa
_cBNPHU
082 _axxx
_bP421e
100 1 _aPepén, Juan F.
_q (Juan Felix)
_913174
245 1 0 _aEducación y progreso /
_cJuan F. Pepén.
260 _aSanto Domingo :
_b[DISESA],
_c1980.
300 _a111 p. ;
_c22 cm.
049 _aBNPD
999 _c16027
_d16027